The noble scholar, jurist, historian


 His Excellency Dr. Abdul Wahhab bin Ibrahim Abu Sulaiman, may Allah have mercy on him.


 He was born in Umm Al-Qura in the year 1356 AH.

التلمود : (Record no. 3958)

MARC details
000 -LEADER
fixed length control field 01431cam a2200325 i 4500
003 - CONTROL NUMBER IDENTIFIER
control field SA-RiAUC
005 - DATE AND TIME OF LATEST TRANSACTION
control field 20241225142416.0
008 - FIXED-LENGTH DATA ELEMENTS--GENERAL INFORMATION
fixed length control field 241218s2005 le g b 000 0 ara c
040 ## - CATALOGING SOURCE
Original cataloging agency SA-RiAUC
Language of cataloging ara
Transcribing agency SA-RiAUC
Description conventions rda
041 1# - LANGUAGE CODE
Language code of text/sound track or separate title ara
Language code of original und
050 #4 - LIBRARY OF CONGRESS CALL NUMBER
Item number .C64125 2005
082 04 - DEWEY DECIMAL CLASSIFICATION NUMBER
Classification number 296.1206
Assigning agency SA-RiAUC
090 ## - LOCALLY ASSIGNED LC-TYPE CALL NUMBER (OCLC); LOCAL CALL NUMBER (RLIN)
Classification number (OCLC) (R) ; Classification number, CALL (RLIN) (NR) 296.1206
Local cutter number (OCLC) ; Book number/undivided call number, CALL (RLIN) ك و هـ
100 1# - MAIN ENTRY--PERSONAL NAME
Personal name كوهين، إبراهام،
Dates associated with a name 1887-1957
Relator term مؤلف.
245 12 - TITLE STATEMENT
Title التلمود :
Remainder of title عرض شامل للتلمود وتعاليم الحاخاميين حول "الأخلاق، الآداب، الدين، التقاليد، القضاء" /
Statement of responsibility, etc. آ. كوهن ؛ ترجمة جاك مارتي ؛ نقله إلى العربية سليم طنوس.
250 ## - EDITION STATEMENT
Edition statement الطبعة الأولى.
264 #1 - PRODUCTION, PUBLICATION, DISTRIBUTION, MANUFACTURE, AND COPYRIGHT NOTICE
Place of production, publication, distribution, manufacture بيروت :
Name of producer, publisher, distributor, manufacturer دار الخيال للطباعة والنشر والتوزيع،
Date of production, publication, distribution, manufacture, or copyright notice 2005
300 ## - PHYSICAL DESCRIPTION
Extent 478 صفحة ؛
Dimensions 24 × 17 سم
336 ## - CONTENT TYPE
Content type term نص
Content type code txt
Source rdacontent
Materials specified كتاب
337 ## - MEDIA TYPE
Media type term بدون وسيط
Media type code n
Source rdamedia
338 ## - CARRIER TYPE
Carrier type term مجلد
Carrier type code nc
Source rdacarrier
504 ## - BIBLIOGRAPHY, ETC. NOTE
Bibliography, etc. note يشتمل على إرجاعات ببليوجرافية.
504 ## - BIBLIOGRAPHY, ETC. NOTE
Bibliography, etc. note ببليوجرافية : صفحة 475-476.
630 27 - SUBJECT ADDED ENTRY--UNIFORM TITLE
Uniform title التلمود
General subdivision تفاسير
Source of heading or term aucut
700 1# - ADDED ENTRY--PERSONAL NAME
Personal name مارتي، جاك،
Dates associated with a name 1883-1952
Relator term مترجم.
700 1# - ADDED ENTRY--PERSONAL NAME
Personal name طنوس، سليم
Relator term معرب.
730 2# - ADDED ENTRY--UNIFORM TITLE
Uniform title التلمود
942 ## - ADDED ENTRY ELEMENTS (KOHA)
Source of classification or shelving scheme Dewey Decimal Classification
Koha item type Books
Suppress in OPAC No
949 ## - LOCAL PROCESSING INFORMATION (OCLC)
a SA-JeALM
d 241218
u mohamedma123
n 1
Holdings
Withdrawn status Lost status Source of classification or shelving scheme Damaged status Not for loan Home library Current library Date acquired Total checkouts Full call number Barcode Date last seen Price effective from Koha item type
    Dewey Decimal Classification     DR AbdElwahab Library DR AbdElwahab Library 12/25/2024   296.1206 ك و هـ 000006347 12/25/2024 12/25/2024 Books